| 000 | 00324nam a2200121Ia 4500 | ||
|---|---|---|---|
| 008 | 230907s9999||||xx |||||||||||||| ||und|| | ||
| 082 |
_a620.1064 _bKIR |
||
| 100 |
_aKirby, Brian J. _9115256 |
||
| 245 | 0 | _aMicro-and nanoscale fluid mechanics: | |
| 260 |
_aCambridge _bNew York; _c2010 |
||
| 300 | _axxii, 512p.: | ||
| 942 | _cBK | ||
| 999 |
_c597962 _d597962 |
||